000 01273nam a22003497a 4500
003 CHAP
005 20220329140403.0
008 971013c19511954 r 00010 d
010 _a51256
011 _a52228
035 _a56378
040 _cCHAP
082 _a632
_bR63
100 0 0 _aRoger, L.
_999058
245 _aPhytopathologie des pays chauds
260 _aParis :
_bLechevalier,
_c1951-1954
300 _a3 v.
_b: ilus.
490 _aEncycopédie Mycologique
_v; 17-19
505 _aContenido : v.1-2 Etude descriptive des maladies parasitaires des plantes des pays chauds.--v.3 Revue des problémes phytosanitaires des pays chauds
590 _aBATCH-UPD
_b10
_c20130110
_lUCH01
_h0514
590 _aBATCH-UPD
_b10
_c20130410
_lUCH01
_h0152
590 _aBATCH-UPD
_b10
_c20130914
_lUCH01
_h1305
590 _aCONVERSION
_b10
_c20130109
_lUCH01
_h1328
650 1 4 _aFitopatología.
_941161
650 1 4 _aHongos patógenos.
_956136
830 0 _aEncycopédie Mycologique
_v; 17-19
_936863
901 _aBK
942 _cLIBRO
949 _a632 R63
_bBC
_cLIBRO
_d33724000091476
_eLIBRO
_fv.2
_h22437
_i56378
_si
949 _a632 R63
_bBC
_cLIBRO
_d33724000091484
_eLIBRO
_fv.3
_h22438
_i56378
_si
949 _a632 R63
_bBC
_cLIBRO
_d33724000175659
_eLIBRO
_fv.1
_h22436
_i56378
_si
999 _c51256
_d51256